00556nam a2200169Ia 4500008004100000020001700041041000800058082001600066100001700082245004800099250000600147260004400153300001100197650003100208999001900239952012800258210716s2011 xx 000 0 und d a978812034384 aeng a003.54 RAJV aRajaraman V. aAnalysis and design of information systems. a3 aNew DelhibPrentice Hall of Indiac2011 axv,328 aInformation Theory(003.54) c192852d192852 001040708MCAaAIMITbAIMITeAthulya Booksg250.00l0o003.54 RAJVpMCA12360r2025-07-21 00:00:00v195.00w2021-07-16yBK